00381nam a2200145Ia 4500008004100000020001500041041001200056082001600068100001600084245007500100260002500175300000800200650000800208700001900216221030s9999 xx 000 0 und d a0074517910 aEnglish a105.23bNak aB. C. Nakra 0aInstrumentation Measurement & Analysiscby B. C. Nakra, K. K. Chaudhry bTMHaNew Delhic2002 a534 aECE aK. K. Chaudhry